Element By Picture - Statistics

General Stats
  • This quiz has been taken 16 times
  • The average score is 12 of 16
Answer Stats
Picture Answer % Correct
Helium
100%
Mercury
100%
Neon
100%
Potassium
100%
Sodium
100%
Carbon
85%
Chlorine
85%
Lithium
85%
Plutonium, Uranium
85%
Aluminium
77%
Calcium
77%
Iron
69%
Radium, Polonium
69%
Phosphorus
54%
Silicon
38%
Bismuth
23%
No matching quizzes found
Score Distribution
Percent of People with Each Score
Percentile by Number Answered
Your Score History
You have not taken this quiz